000 00467pab a2200169 454500
008 180718b2015 xxu||||| |||| 00| 0 eng d
100 _aOjo, Ayodeji
245 _aFast tracking development in Africa: the role of small scale business
260 _c2015
300 _ap.19-24.
362 _aSep
650 _aSmall enterprises - Africa
650 _aSmall scale industry
700 _aOluwatayo, Isaac B.
773 _aAsian Economic Review
909 _a109503
999 _c109498
_d109498